00369nam a2200073 4500084004800000100001400048245017400062260005900236 2Colon ClassificationaV212(Q7):(Y592:44).N  aSHEEJA, O aSocio-economic backwardness of the muslim community in Kerala and the initiatives of government and muslim organisation in the eradication of the backwardness since 1956 aUniversity of Kerala,bUniversity College, Tvpm,c2025